Born in Lincoln/Nebraska - Statistics

General Stats
  • This quiz has been taken 31 times
    14 since last reset
  • The average score is 6 of 13
Answer Stats
Hint Answer % Correct
Vice President of the United States from 2001 to 2009 1941 Dick Cheney
100%
Actress, "Million Dollar Baby" "Boys Don't Cry" "The Next Karate Kid" 1974 Hilary Swank
100%
Trans man who was raped and murdered at the age of 21, his lief and death is the subject of the film "Boys Don't Cry" 1972 Brandon Teena
57%
Actor, known for his role as John Bosley in "Charlie's Angels" 1929 David Doyle
43%
Senator from Nebraska since 2013 1951 Deb Fischer
43%
Tennis player, winner of three Grand Slam doubles titles and two Olympic medals in doubles competions 1992 Jack Sock
43%
Former left fielder who played his entire career for the Kansas City Royals 1984 Alex Gordon
29%
Governor of Nebraska from 1983 to 1987 and Senator from Nebraska from 1989 to 2001 1943 Bob Kerrey
29%
Basketball head coach at the University of Nebraska since 2019 and former coach of the Chicago Bulls and Iowa State 1972 Fred Hoiberg
29%
Kicker who plays for the New York Jets, he previously played for the Rams and Cowboys and is nicknamed "the Leg" 1987 Greg Zuerlein
29%
Lead guitarist of Maroon 5 1978 James Valentine
29%
Football head coach at LSU since 2026 (former Ole Miss, USC and Tennessee head coach) 1975 Lane Kiffin
29%
Football head coach at Central Florida since 2025 and former head coach of Nebraska from 2018 to 2022 1975 Scott Frost
29%
No matching quizzes found
Score Distribution
Percent of People with Each Score
Percentile by Number Answered
Your Score History
You have not taken this quiz since the last reset